Baby Schai "Chubby" REMIX - Omar Courtz, Lenny Tavárez, Darell... - Estadísticas

Estadísticas generales
  • Esta prueba ha sido intentada 27 veces
  • La puntuación promedio es 439 de 839
Estadísticas de respuestas
Letra % Correcto
a
100%
A
100%
b
100%
bich
100%
de
100%
De
100%
el
100%
El
100%
en
100%
En
100%
es
100%
Es
100%
La
100%
la
100%
las
100%
le
100%
Le
100%
lo
100%
Los
100%
los
100%
m
100%
mi
100%
Mi
100%
no
100%
No
100%
que
100%
Que
100%
se
100%
Se
100%
si
100%
Si
100%
su
100%
un
100%
Un
100%
Ahh
67%
Ahora
67%
anda
67%
Antes
67%
así
67%
aumento
67%
aumentó
67%
Ayer
67%
baby
67%
Baby
67%
bichote
67%
Dentro
67%
dentro
67%
dice
67%
dijo
67%
doctor
67%
dura
67%
Ella
67%
ella
67%
EMO
67%
Emo
67%
eso
67%
está
67%
esta
67%
están
67%
ex
67%
fue
67%
hablando
67%
he
67%
Hoy
67%
Jory
67%
lenguas
67%
lento
67%
malas
67%
mam
67%
más
67%
mas
67%
Me
67%
me
67%
mía
67%
morir
67%
nacimos
67%
Nacimos
67%
pa
67%
Pa
67%
pal
67%
Pero
67%
Por
67%
por
67%
puso
67%
quiero
67%
reviento
67%
salga
67%
saliendo
67%
saliéndo
67%
senos
67%
Siempre
67%
siempre
67%
Sin
67%
sin
67%
sunny
67%
sus
67%
t
67%
te
67%
Te
67%
temblando
67%
tiene
67%
Tiene
67%
To
67%
to
67%
toy
67%
Toy
67%
67%
67%
una
67%
Una
67%
ver
67%
Vo
67%
voy
67%
Voy
67%
Y
67%
y
67%
yo
67%
Yo
67%
acto
33%
adentro
33%
ande
33%
apartamento
33%
asiento
33%
Aunque
33%
ausento
33%
avise
33%
be
33%
bicep
33%
cicatrices
33%
Coge
33%
coil
33%
Con
33%
con
33%
Dándole
33%
dar
33%
defectos
33%
Después
33%
día
33%
dicen
33%
Dicen
33%
Este
33%
este
33%
GoLdita
33%
gym
33%
hermosa
33%
hice
33%
is
33%
mami
33%
manden
33%
mate
33%
monta
33%
muera
33%
mundo
33%
Nadie
33%
novio
33%
parking
33%
persiá
33%
pie
33%
piernas
33%
psycho
33%
quiera
33%
quise
33%
Quizás
33%
rápido
33%
remix
33%
ríe
33%
Rifle
33%
siento
33%
sube
33%
también
33%
Tenía
33%
the
33%
This
33%
uno
33%
vea
33%
veces
33%
ven
33%
vento
33%
verdadero
33%
violento
33%
ya
33%
abajo
0%
afuera
0%
allanamiento
0%
Apretaita
0%
babygirl
0%
bebé
0%
bellakiemos
0%
beneficio
0%
booty
0%
bye
0%
cabe
0%
cadenas
0%
calga
0%
CapCana
0%
cargo
0%
casamigo
0%
cbna
0%
ch
0%
ching
0%
chubby
0%
cojones
0%
combina
0%
combo
0%
comento
0%
Common
0%
como
0%
Como
0%
conmigo
0%
cora
0%
corren
0%
corría
0%
cream
0%
Cuando
0%
cuando
0%
cuento
0%
déjate
0%
dejo
0%
Desde
0%
Desnua
0%
dicho
0%
digo
0%
Dile
0%
don
0%
dormia
0%
dos
0%
doy
0%
echártelo
0%
eh
0%
ejercicio
0%
Elvira
0%
Era
0%
esas
0%
escribe
0%
ese
0%
esperar
0%
espuma
0%
estar
0%
estás
0%
exotic
0%
fama
0%
fin
0%
flakita
0%
flow
0%
Flow
0%
forma
0%
fotos
0%
fuma
0%
gano
0%
goldo
0%
Good
0%
grabe
0%
gran
0%
gusta
0%
gustan
0%
hacemos
0%
hacer
0%
haga
0%
hago
0%
Hasta
0%
hay
0%
Hershey
0%
hub
0%
Jinny
0%
jugar
0%
jungle
0%
juntos
0%
kilero
0%
kiosko
0%
kisses
0%
Leon
0%
ley
0%
leye
0%
libritas
0%
lleguemos
0%
llevar
0%
longboard
0%
MamaJuana
0%
mañana
0%
manzana
0%
metersela
0%
meto
0%
migos
0%
mis
0%
Mmmmmmhhhmmm
0%
mongo
0%
Montana
0%
monumento
0%
morbo
0%
morning
0%
mos
0%
mp5
0%
muerde
0%
muevo
0%
nacimiento
0%
ndole
0%
ng
0%
ni
0%
Nunca
0%
OG
0%
Ohh
0%
Ohhh
0%
ohhh
0%
Ohhhh
0%
ombligo
0%
outside
0%
panas
0%
parece
0%
peluita
0%
plan
0%
pone
0%
pongo
0%
porn
0%
POV
0%
prende
0%
preservativo
0%
Quiere
0%
quieres
0%
RATATATA
0%
revólver
0%
rica
0%
rico
0%
rmela
0%
sabe
0%
sale
0%
seamos
0%
seguimos
0%
semana
0%
shorty
0%
shy
0%
Siendo
0%
sol
0%
suba
0%
Sucia
0%
sucia
0%
Suéltate
0%
surferita
0%
Tengo
0%
tequila
0%
termino
0%
tira
0%
Tony
0%
Tranquila
0%
uva
0%
venir
0%
viva
0%
voa
0%
Walgreens
0%
wata
0%
watawata
0%
Woo
0%
zumba
0%
No se encontraron pruebas coincidentes
Distribución de puntuación
Porcentaje de gente con cada puntuación
Porcentaje por número respondido
Historial de tus puntuaciones
No has intentado esta prueba.